000 01105nam0a2200289 4500
001 RU\NLR\BIBL_A\022470473
005 20250806210454.0
035 _a(NLR Aleph) 022470473
090 _a82379
_c82379
100 _a20250225a1941 u y0rusy50 ca
101 0 _aarm
102 _aAM
105 _ac z 000 y
181 0 _ai
_baxxe
182 0 _an
200 1 _aՊետրոս Ադամյան
_eկենսագրական ակնարկ
_fԳառնիկ Ստեփանյան
203 _aТекст
_bвизуальный
_cнепосредственный
210 _aԵրեվան
_bՀայպետհրատ Հլկեմ կկ կից մանկա-պատանեկական գրականության բաժին
_d1941
215 _a148 c.
_d20
541 1 _6z01790
_aПетрос Адамян
_zrus
700 1 _aՍտեփանյան
_bԳ.
_gԳառնիկ
_4070
790 1 _6z01541
_aСтепанян
_bГ.
_gГарник
_4070
942 _cBOOK
945 _aРоссийская национальная библиотека
_aНациональная библиотека Армении
980 _aNB
980 _aBV